[Event "XVIII Festival Conca della Presolana Magistrale"]
[Site "Bratto - Castione della Presolana ITA"]
[Date "1998.08.??"]
[Round "?"]
[White "Godena, Michele"]
[Black "Grosar, Kiti"]
[Result "1/2-1/2"]
[WhiteElo "2510"]
[BlackElo "2290"]
[PlyCount "96"]
[EventDate "1998.08.22"]

1. e4 d5 2. exd5 Qxd5 3. Nf3 Nf6 4. Be2 Bf5 5. O-O e6 6. d4 c6 7. c4 Qa5 8. Bf4
Nbd7 9. a3 Be7 10. h3 O-O 11. Re1 b5 12. Nbd2 a6 13. Nh4 Ne4 14. Nxf5 exf5 15.
Bf3 bxc4 16. Nxe4 fxe4 17. Bxe4 Bg5 18. Bxg5 Qxg5 19. Bxc6 Rad8 20. Qa4 Nb8 21.
Qxc4 Qd2 22. Re2 Qf4 23. Bf3 Rxd4 24. Qc3 h6 25. Rae1 Qd6 26. Re8 Nd7 27. R8e4
Rd3 28. Qb4 Qg6 29. R4e3 Rd6 30. Re8 Rxe8 31. Rxe8+ Kh7 32. Be4 f5 33. Bf3 Rb6
34. Qe7 Nf6 35. Rd8 Rxb2 36. Qf8 Qg5 37. Rd1 Rd2 38. Rb1 Rc2 39. Qa8 Rc1+ 40.
Rxc1 Qxc1+ 41. Kh2 Qxa3 42. Qc8 Qd3 43. Qc6 a5 44. Qa4 Qd8 45. Qb5 g6 46. Qb7+
Kh8 47. g3 Qd7 48. Qa8+ Kg7 1/2-1/2

[Event "XVIII Festival Conca della Presolana Magistrale"]
[Site "Bratto - Castione della Presolana ITA"]
[Date "1998.08.??"]
[Round "?"]
[White "Godena, Michele"]
[Black "Moncelli, Giorgio"]
[Result "1-0"]
[WhiteElo "2510"]
[BlackElo "2170"]
[PlyCount "103"]
[EventDate "1998.08.22"]

1. e4 d6 2. d4 Nf6 3. Nc3 g6 4. Nf3 Bg7 5. h3 O-O 6. Be3 c6 7. a4 a5 8. Be2 Na6
9. O-O Nb4 10. Qc1 Qc7 11. Rd1 e5 12. dxe5 dxe5 13. Qd2 Qe7 14. Bb6 Be6 15. Ne1
Rfc8 16. Be3 Rd8 17. Bd3 Nd7 18. Qe2 Nc5 19. Bc4 Nba6 20. Bxe6 Qxe6 21. Rxd8+
Rxd8 22. Rd1 Rxd1 23. Qxd1 Bf6 24. Nf3 Be7 25. b3 Nd7 26. Ne2 Nac5 27. Ng3 h5
28. Qd2 b6 29. Bg5 Nf6 30. Qe3 Qd6 31. Kh2 Qc7 32. Bh4 Ne6 33. Qh6 Bf8 34. Qe3
Nd7 35. Nf1 Bg7 36. Bg3 Qd6 37. N1d2 Nd4 38. Nxd4 Qxd4 39. Qxd4 exd4 40. Nc4
Bf8 41. Bc7 Bc5 42. Kg3 Kf8 43. Kf3 Ke7 44. g4 hxg4+ 45. hxg4 Ke6 46. g5 Ke7
47. Ke2 f6 48. gxf6+ Kxf6 49. f4 Ke6 50. Kd3 Kf6 51. Ne5 Nxe5+ 52. Bxe5+ 1-0

[Event "XVIII Festival Conca della Presolana Magistrale"]
[Site "Bratto - Castione della Presolana ITA"]
[Date "1998.08.??"]
[Round "?"]
[White "Godena, Michele"]
[Black "Rossi, Carlo"]
[Result "1-0"]
[WhiteElo "2510"]
[BlackElo "2355"]
[PlyCount "71"]
[EventDate "1998.08.22"]

1. e4 e6 2. d4 d5 3. Nd2 Nf6 4. e5 Nfd7 5. Bd3 c5 6. c3 Nc6 7. Ne2 cxd4 8. cxd4
f6 9. exf6 Qxf6 10. Nf3 h6 11. O-O Bd6 12. Be3 O-O 13. Rc1 Rd8 14. Bb5 Ncb8 15.
Qd2 a6 16. Bxd7 Bxd7 17. Bf4 Bxf4 18. Nxf4 Nc6 19. Qe3 Ne7 20. Rc7 Nf5 21. Qe5
Qxe5 22. Nxe5 Bc8 23. Nh5 Re8 24. Rfc1 Ne7 25. R1c3 Nf5 26. Rg3 Re7 27. Rxe7
Nxe7 28. Rxg7+ Kf8 29. Rh7 Nc6 30. Rf7+ Ke8 31. Ng7+ Kd8 32. Nxe6+ Bxe6 33.
Nxc6+ bxc6 34. Rf8+ Ke7 35. Rxa8 Kf6 36. Rxa6 1-0

[Event "XVIII Festival Conca della Presolana Magistrale"]
[Site "Bratto - Castione della Presolana ITA"]
[Date "1998.08.??"]
[Round "?"]
[White "Gofshtein, Leonid D."]
[Black "Drazic, Sinisa"]
[Result "1-0"]
[WhiteElo "2500"]
[BlackElo "2495"]
[PlyCount "119"]
[EventDate "1998.08.22"]

1. d4 Nf6 2. c4 c5 3. d5 b5 4. cxb5 a6 5. e3 g6 6. Nc3 Bg7 7. a4 O-O 8. Nf3 Bb7
9. Ra3 e6 10. dxe6 fxe6 11. Qd6 Qc8 12. Be2 Ne8 13. Qg3 axb5 14. Nxb5 Nc6 15.
O-O Ne7 16. Qh3 Rf5 17. Nd2 Rf8 18. e4 Qb8 19. Qe3 d6 20. Bg4 e5 21. Nc4 Ra6
22. Rd1 Kh8 23. Qe1 Ng8 24. Bf3 Ngf6 25. Bg5 h6 26. Bxf6 Rxf6 27. Ne3 Qa8 28.
Nc3 Nc7 29. Be2 Rb6 30. Nc4 Ra6 31. a5 Qa7 32. Rda1 Rc6 33. Bg4 Rf7 34. Nb6 Kh7
35. Be2 Ba6 36. Bg4 c4 37. b4 cxb3 38. Rxb3 h5 39. Be2 Rc5 40. Bxa6 Qxa6 41.
Ncd5 Ne6 42. Nb4 Qa7 43. Nd3 Rc2 44. Rc1 Ra2 45. Nc4 Qd4 46. Rb2 Ra4 47. Rb4
Rxb4 48. Nxb4 Rc7 49. Qf1 Bh6 50. Nd5 Rc6 51. Nce3 Rxc1 52. Qxc1 Nc5 53. h4 Qa4
54. Qc4 Qa1+ 55. Kh2 Bxe3 56. Ne7 Bf4+ 57. g3 Bxg3+ 58. fxg3 Kg7 59. Qg8+ Kf6
60. Nd5# 1-0

[Event "XVIII Festival Conca della Presolana Magistrale"]
[Site "Bratto - Castione della Presolana ITA"]
[Date "1998.08.??"]
[Round "?"]
[White "Gofshtein, Leonid D."]
[Black "Gurevich, Dmitry B."]
[Result "1/2-1/2"]
[WhiteElo "2500"]
[BlackElo "2505"]
[PlyCount "26"]
[EventDate "1998.08.22"]

1. d4 Nf6 2. c4 e6 3. Nf3 d5 4. Nc3 c5 5. cxd5 Nxd5 6. e4 Nxc3 7. bxc3 cxd4 8.
cxd4 Nc6 9. Bc4 b5 10. Be2 Bb4+ 11. Bd2 Qa5 12. a3 Bxd2+ 13. Qxd2 Qxd2+ 1/2-1/2

[Event "XVIII Festival Conca della Presolana Magistrale"]
[Site "Bratto - Castione della Presolana ITA"]
[Date "1998.08.??"]
[Round "?"]
[White "Gofshtein, Leonid D."]
[Black "Trentini, Danilo"]
[Result "1-0"]
[WhiteElo "2500"]
[BlackElo "2165"]
[PlyCount "49"]
[EventDate "1998.08.22"]

1. d4 Nf6 2. c4 e6 3. Nf3 b6 4. a3 Bb7 5. Nc3 d5 6. cxd5 Nxd5 7. Qc2 Be7 8. e4
Nxc3 9. bxc3 c5 10. Bb5+ Bc6 11. Bd3 Nd7 12. O-O O-O 13. Rd1 Qc7 14. d5 Bb7 15.
dxe6 fxe6 16. Bc4 Qc6 17. Qb3 Kh8 18. Bxe6 Qxe4 19. Rxd7 Rxf3 20. gxf3 Qg6+ 21.
Kf1 Bxf3 22. Bh3 Rd8 23. Rxd8+ Bxd8 24. c4 Qh5 25. Bg2 1-0

[Event "XVIII Festival Conca della Presolana Magistrale"]
[Site "Bratto - Castione della Presolana ITA"]
[Date "1998.08.??"]
[Round "?"]
[White "Gorelli Fagiolini, Marco"]
[Black "Battaggia, Piergiorgio"]
[Result "1/2-1/2"]
[WhiteElo "2235"]
[BlackElo "2070"]
[PlyCount "78"]
[EventDate "1998.08.22"]

1. e4 c5 2. Nf3 d6 3. d4 cxd4 4. Nxd4 Nf6 5. Nc3 a6 6. a4 Nc6 7. Be2 g6 8. Be3
Bg7 9. O-O O-O 10. Nb3 Na5 11. e5 Ne8 12. Nxa5 Qxa5 13. Nd5 Qd8 14. Nb6 Rb8 15.
exd6 Nxd6 16. Nxc8 Rxc8 17. c3 Nc4 18. Bxc4 Rxc4 19. Qxd8 Rxd8 20. a5 Rd6 21.
Rfd1 Rcc6 22. Rxd6 Rxd6 23. Kf1 f5 24. Ra4 e5 25. g3 Kf7 26. Ke2 Ke8 27. Rb4
Rd7 28. Rc4 Bf6 29. h4 Bg7 30. Bg5 Kf7 31. Be3 Ke6 32. Rc8 e4 33. b4 Kf7 34.
Bd2 Ke6 35. c4 Bd4 36. Be1 Kd6 37. Bd2 Ke6 38. Be1 Kd6 39. Bd2 Ke6 1/2-1/2

[Event "XVIII Festival Conca della Presolana Magistrale"]
[Site "Bratto - Castione della Presolana ITA"]
[Date "1998.08.??"]
[Round "?"]
[White "Gorelli Fagiolini, Marco"]
[Black "Di Fonzo, Valerio"]
[Result "1/2-1/2"]
[WhiteElo "2235"]
[BlackElo "2215"]
[PlyCount "43"]
[EventDate "1998.08.22"]

1. e4 e5 2. Nf3 Nc6 3. Bc4 Bc5 4. d3 d6 5. c3 a6 6. Bb3 Nf6 7. O-O O-O 8. Nbd2
Ba7 9. Re1 Ne7 10. Nf1 Ng6 11. Ng3 Be6 12. d4 Bg4 13. Be3 exd4 14. cxd4 d5 15.
e5 Ne4 16. h3 Bxf3 17. Qxf3 Nxg3 18. Qxg3 c6 19. Qf4 f5 20. Rad1 Qe7 21. Kh1
Rf7 22. Rf1 1/2-1/2

[Event "XVIII Festival Conca della Presolana Magistrale"]
[Site "Bratto - Castione della Presolana ITA"]
[Date "1998.08.??"]
[Round "?"]
[White "Gorelli Fagiolini, Marco"]
[Black "Lapiccirella, Mattia"]
[Result "1-0"]
[WhiteElo "2235"]
[BlackElo "2030"]
[PlyCount "163"]
[EventDate "1998.08.22"]

1. e4 c5 2. Nf3 Nc6 3. d4 cxd4 4. Nxd4 Nf6 5. Nc3 d6 6. Bg5 e6 7. Qd2 Be7 8.
O-O-O O-O 9. Nb3 Qb6 10. f3 Rd8 11. Be3 Qc7 12. Qf2 Nd7 13. Kb1 a6 14. h4 b5
15. g4 Nce5 16. g5 Nc4 17. Bc1 Na3+ 18. bxa3 Qxc3 19. Bb2 Qc7 20. Qd4 e5 21.
Qc3 Ra7 22. Qxc7 Rxc7 23. Rh2 Kf8 24. Na5 Nb6 25. Rhd2 Ke8 26. f4 Na4 27. fxe5
Nxb2 28. Kxb2 Bg4 29. exd6 Bxd6 30. Rxd6 Bxd1 31. Rxd8+ Kxd8 32. c4 Bf3 33.
cxb5 axb5 34. Bd3 Ke7 35. Nb3 f6 36. Nd4 Bg2 37. Nxb5 Rc5 38. Nc3 fxg5 39. Nd5+
Rxd5 40. exd5 Bxd5 41. hxg5 h5 42. Kc3 Kd6 43. Kd4 Bxa2 44. Ke4 Ke6 45. Kf4 Bd5
46. Bg6 Bc6 47. Bxh5 Ba4 48. Be2 Kd6 49. Ke4 Ke6 50. Bc4+ Kd6 51. Kd4 Kc6 52.
Bf7 Kd6 53. Bd5 Bd1 54. Bc4 Ba4 55. Be2 Ke6 56. Bg4+ Kd6 57. Bf5 Bd1 58. Bd3
Ba4 59. Bh7 Ke6 60. Bg6 Kd6 61. Bf7 Ke7 62. Bc4 Kd6 63. Bd3 Ke6 64. Ke4 Bc6+
65. Kf4 Ba4 66. Be4 Ke7 67. Ke5 Ke8 68. Kf5 Kf7 69. Bd5+ Kf8 70. Ke6 Kg8 71.
Ke7+ Kh7 72. Be4+ Kh8 73. Kf8 Bb3 74. Bg6 Bd1 75. Ke7 Kg8 76. Bf7+ Kh7 77. Kd6
Ba4 78. Kc5 Bc2 79. Kb4 g6 80. a4 Kg7 81. Bb3 Be4 82. a5 1-0

[Event "XVIII Festival Conca della Presolana Magistrale"]
[Site "Bratto - Castione della Presolana ITA"]
[Date "1998.08.??"]
[Round "?"]
[White "Gorelli Fagiolini, Marco"]
[Black "Machin, Guillaume"]
[Result "1/2-1/2"]
[WhiteElo "2235"]
[BlackElo "2045"]
[PlyCount "27"]
[EventDate "1998.08.22"]

1. e4 c5 2. Nf3 Nc6 3. d4 cxd4 4. Nxd4 Nf6 5. Nc3 e5 6. Ndb5 d6 7. Bg5 a6 8.
Na3 b5 9. Nd5 Be7 10. Bxf6 Bxf6 11. c3 O-O 12. Nc2 Bg5 13. g3 Be6 14. Bg2
1/2-1/2

[Event "XVIII Festival Conca della Presolana Magistrale"]
[Site "Bratto - Castione della Presolana ITA"]
[Date "1998.08.??"]
[Round "?"]
[White "Gorelli Fagiolini, Marco"]
[Black "Ori, Marco"]
[Result "1-0"]
[WhiteElo "2235"]
[BlackElo "2090"]
[PlyCount "83"]
[EventDate "1998.08.22"]

1. e4 c6 2. d4 d5 3. Nc3 dxe4 4. Nxe4 Nd7 5. Nf3 Ngf6 6. Ng3 e6 7. Bd3 c5 8.
O-O cxd4 9. Nxd4 Bc5 10. Nb3 Be7 11. Qe2 O-O 12. Rd1 Re8 13. c4 Qc7 14. Nd4 b6
15. b3 Bb7 16. Bb2 Rad8 17. Ne4 Nxe4 18. Bxe4 Nf6 19. Nb5 Qb8 20. Be5 Qc8 21.
Nxa7 Qa8 22. Bxb7 Qxb7 23. Nb5 Bc5 24. Bxf6 gxf6 25. Rxd8 Rxd8 26. Rd1 Qa8 27.
Rxd8+ Qxd8 28. g3 f5 29. Kg2 Qg5 30. Nc3 Qc1 31. Nb5 Kg7 32. Na7 Kf6 33. Nc6
Qc3 34. Qf3 Qb2 35. a4 e5 36. Kf1 e4 37. Qf4 Ke6 38. g4 Qb1+ 39. Kg2 fxg4 40.
Qe5+ Kd7 41. Qd5+ Bd6 42. Ne5+ 1-0

[Event "XVIII Festival Conca della Presolana Magistrale"]
[Site "Bratto - Castione della Presolana ITA"]
[Date "1998.08.??"]
[Round "?"]
[White "Griffa, Roberto"]
[Black "Mauro, Alan"]
[Result "1/2-1/2"]
[WhiteElo "2070"]
[BlackElo "2260"]
[PlyCount "65"]
[EventDate "1998.08.22"]

1. d4 Nf6 2. Nf3 g6 3. Bg5 Bg7 4. Nbd2 O-O 5. c3 d6 6. e4 c5 7. dxc5 dxc5 8.
Qc2 Nc6 9. h3 Qc7 10. Bc4 b6 11. O-O Nh5 12. Rfe1 h6 13. Be3 Kh7 14. Rad1 Nf4
15. Bf1 e5 16. b4 cxb4 17. cxb4 Qb7 18. a3 Be6 19. Nc4 Bxc4 20. Qxc4 Ne6 21.
Qa6 Qxa6 22. Bxa6 Ncd4 23. Bxd4 exd4 24. e5 Rfe8 25. g3 Rad8 26. Bc4 Re7 27.
Bxe6 Rxe6 28. Rxd4 Rxd4 29. Nxd4 Rxe5 30. Rxe5 Bxe5 31. Nc6 Bb2 32. Nxa7 Bxa3
33. Nc8 1/2-1/2

[Event "XVIII Festival Conca della Presolana Magistrale"]
[Site "Bratto - Castione della Presolana ITA"]
[Date "1998.08.??"]
[Round "?"]
[White "Griffa, Roberto"]
[Black "Moncelli, Giorgio"]
[Result "0-1"]
[WhiteElo "2070"]
[BlackElo "2170"]
[PlyCount "80"]
[EventDate "1998.08.22"]

1. d4 d6 2. Nf3 Nf6 3. Bg5 Nbd7 4. Nbd2 g6 5. e4 Bg7 6. c3 O-O 7. Bd3 e5 8. O-O
Re8 9. Re1 h6 10. Bh4 c6 11. dxe5 Nxe5 12. Nxe5 dxe5 13. Nc4 b5 14. Ne3 Be6 15.
f3 Qc7 16. Qc2 Nd7 17. Bf1 Bf8 18. Red1 Bc5 19. Bf2 Qb6 20. Re1 a5 21. Nd1 Red8
22. Bxc5 Qxc5+ 23. Qf2 Qxf2+ 24. Kxf2 Nc5 25. Ke3 Rd7 26. Nf2 Rad8 27. Red1
Rxd1 28. Nxd1 a4 29. Nf2 f5 30. exf5 gxf5 31. g3 f4+ 32. gxf4 exf4+ 33. Kxf4
Rd2 34. Ne4 Nxe4 35. Kxe4 Rxb2 36. a3 Rxh2 37. c4 Rh1 38. Ke3 Kg7 39. Kf2 Bxc4
40. Kg2 Rxf1 0-1

[Event "XVIII Festival Conca della Presolana Magistrale"]
[Site "Bratto - Castione della Presolana ITA"]
[Date "1998.08.??"]
[Round "?"]
[White "Grosar, Aljosa"]
[Black "Barberi, Alessandro"]
[Result "1-0"]
[WhiteElo "2450"]
[BlackElo "2160"]
[PlyCount "63"]
[EventDate "1998.08.22"]

1. e4 c5 2. Nf3 d6 3. c3 Nf6 4. Be2 g6 5. O-O Bg7 6. Re1 O-O 7. Bf1 Nc6 8. a3
Ne8 9. h3 e5 10. b4 a6 11. bxc5 dxc5 12. a4 Be6 13. Na3 Nc7 14. Rb1 Rb8 15. Nc2
c4 16. Nb4 Nxb4 17. cxb4 b5 18. a5 f5 19. d3 Rf7 20. dxc4 Bxc4 21. Qc2 Bxf1 22.
Kxf1 Ne6 23. exf5 Rxf5 24. Qb3 Qf6 25. Rxe5 Rxe5 26. Bb2 Qf5 27. Bxe5 Bxe5 28.
Re1 Rc8 29. Nxe5 Kg7 30. Ng4 Nd4 31. Qe3 Nc6 32. Qc3+ 1-0

[Event "XVIII Festival Conca della Presolana Magistrale"]
[Site "Bratto - Castione della Presolana ITA"]
[Date "1998.08.??"]
[Round "?"]
[White "Grosar, Aljosa"]
[Black "Bellia, Fabrizio"]
[Result "1/2-1/2"]
[WhiteElo "2450"]
[BlackElo "2330"]
[PlyCount "39"]
[EventDate "1998.08.22"]

1. e4 e5 2. Nf3 Nc6 3. d4 exd4 4. Nxd4 Bc5 5. Nxc6 Qf6 6. Qd2 dxc6 7. Nc3 Be6
8. Na4 Rd8 9. Bd3 Bd4 10. O-O b5 11. c3 Be5 12. f4 bxa4 13. fxe5 Qxe5 14. Qc2
Nf6 15. Bf4 Qc5+ 16. Kh1 Nh5 17. b4 axb3 18. axb3 Nxf4 19. Rxf4 a5 20. Re1
1/2-1/2

[Event "XVIII Festival Conca della Presolana Magistrale"]
[Site "Bratto - Castione della Presolana ITA"]
[Date "1998.08.??"]
[Round "?"]
[White "Grosar, Aljosa"]
[Black "Braghetta, Sergio"]
[Result "1/2-1/2"]
[WhiteElo "2450"]
[BlackElo "2235"]
[PlyCount "168"]
[EventDate "1998.08.22"]

1. e4 c5 2. Nf3 d6 3. d4 cxd4 4. Nxd4 Nf6 5. Nc3 a6 6. a4 e5 7. Nf3 h6 8. Bc4
Qc7 9. Nd2 Be6 10. Qe2 Nc6 11. O-O Rc8 12. b3 Bxc4 13. Nxc4 Nd4 14. Qd3 b5 15.
axb5 axb5 16. Nxb5 Nxb5 17. Be3 Rb8 18. Ra5 Qc6 19. Bb6 Nc7 20. Bxc7 Qxc7 21.
Rd1 Rd8 22. Rda1 Be7 23. Ra7 Qc6 24. R1a4 Rd7 25. Ra8+ Bd8 26. R8a6 Qc5 27.
Nxd6+ Rxd6 28. Rxd6 Ke7 29. Rda6 Bb6 30. Qe2 Rd8 31. Ra1 Rd4 32. R6a4 Rd7 33.
Rc4 Qd6 34. h3 Qd2 35. Qf3 Bd4 36. Rf1 Ra7 37. c3 Bb6 38. Rc6 Nd7 39. Qf5 Ra2
40. b4 g6 41. Qf3 Rc2 42. Kh2 Rb2 43. Rd1 Qxf2 44. Qxf2 Rxf2 45. Rcd6 Bd4 46.
Rxd7+ Kxd7 47. cxd4 exd4 48. Rxd4+ Ke6 49. Rd8 Rb2 50. Rb8 Ke5 51. Rb7 Kxe4 52.
Rxf7 Rxb4 53. Rf6 g5 54. Rxh6 Kf5 55. Rh7 Rb5 56. Rh8 Ra5 57. h4 Ra4 58. h5
Rh4+ 59. Kg3 Rg4+ 60. Kf3 Rf4+ 61. Kg3 Rg4+ 62. Kh2 Rh4+ 63. Kg1 Kg4 64. h6 Kf5
65. h7 Kg6 66. Rg8+ Kxh7 67. Rxg5 Kh6 68. Rg8 Ra4 69. Kh2 Ra3 70. g3 Kh5 71.
Kh3 Rb3 72. Ra8 Kg5 73. Ra5+ Kg6 74. Kh4 Rb6 75. Ra8 Rc6 76. Rg8+ Kh7 77. Rg5
Kh6 78. Rd5 Kg6 79. Rd8 Ra6 80. g4 Rb6 81. Rg8+ Kh7 82. Rg5 Ra6 83. Re5 Kg6 84.
Re8 Rb6 1/2-1/2

[Event "XVIII Festival Conca della Presolana Magistrale"]
[Site "Bratto - Castione della Presolana ITA"]
[Date "1998.08.??"]
[Round "?"]
[White "Grosar, Aljosa"]
[Black "Molina, Fabrizio"]
[Result "1-0"]
[WhiteElo "2450"]
[BlackElo "2290"]
[PlyCount "57"]
[EventDate "1998.08.22"]

1. e4 e6 2. d4 d5 3. e5 c5 4. c3 Nc6 5. Nf3 Nh6 6. dxc5 Bxc5 7. b4 Bb6 8. Bxh6
gxh6 9. b5 Na5 10. Bd3 Bd7 11. O-O Qe7 12. a4 O-O-O 13. Nbd2 Kb8 14. Qe2 Bc8
15. Nd4 f6 16. f4 Rdf8 17. Kh1 Rhg8 18. N2f3 fxe5 19. Nxe5 Ka8 20. Qh5 Bxd4 21.
cxd4 Nb3 22. Rad1 Nxd4 23. Bxh7 Qxh7 24. Rxd4 Rf5 25. Qe2 Rgf8 26. Rc1 h5 27.
Qc2 Kb8 28. Qc5 Rd8 29. b6 1-0

[Event "XVIII Festival Conca della Presolana Magistrale"]
[Site "Bratto - Castione della Presolana ITA"]
[Date "1998.08.??"]
[Round "?"]
[White "Grosar, Kiti"]
[Black "Cazzaniga, Walter"]
[Result "1-0"]
[WhiteElo "2290"]
[BlackElo "2165"]
[PlyCount "41"]
[EventDate "1998.08.22"]

1. e4 e6 2. d4 d5 3. e5 c5 4. c3 Nc6 5. Nf3 Nh6 6. Bd3 cxd4 7. cxd4 Nf5 8. Bxf5
exf5 9. Nc3 Be6 10. Kf1 Be7 11. h4 h6 12. Ne2 Qb6 13. g3 f4 14. Nxf4 Bg4 15.
Kg2 O-O-O 16. Be3 g5 17. hxg5 hxg5 18. Rxh8 Rxh8 19. Nxd5 Qxb2 20. Nxe7+ Nxe7
21. Qc1+ 1-0

[Event "XVIII Festival Conca della Presolana Magistrale"]
[Site "Bratto - Castione della Presolana ITA"]
[Date "1998.08.??"]
[Round "?"]
[White "Grosar, Kiti"]
[Black "Grosar, Aljosa"]
[Result "0-1"]
[WhiteElo "2290"]
[BlackElo "2450"]
[PlyCount "90"]
[EventDate "1998.08.22"]

1. e4 c5 2. Nf3 e6 3. d4 cxd4 4. Nxd4 a6 5. Nc3 Qc7 6. Bd3 Nc6 7. Be3 Nf6 8.
Nxc6 dxc6 9. f4 e5 10. f5 b5 11. g4 h6 12. Qf3 Bb7 13. h4 O-O-O 14. a3 h5 15.
gxh5 Nxh5 16. O-O-O Be7 17. Qf2 c5 18. Be2 Nf6 19. Bf3 Rd4 20. Bxd4 cxd4 21.
Nd5 Bxd5 22. exd5 e4 23. Bg2 Bc5 24. Rxd4 Re8 25. d6 Qb6 26. c3 Bxd4 27. Qxd4
Qxd4 28. cxd4 Kd7 29. h5 Rh8 30. Rh4 Kxd6 31. Bxe4 Nxe4 32. Rxe4 Rxh5 33. Rf4
Kd5 34. Kc2 a5 35. b3 Rh2+ 36. Kc3 Rh3+ 37. Kc2 Rg3 38. Kb2 f6 39. Kc2 b4 40.
axb4 axb4 41. Kb2 Rd3 42. Rg4 Rxd4 43. Rxg7 Ke5 44. Kc2 Kxf5 45. Re7 Kf4 0-1

[Event "XVIII Festival Conca della Presolana Magistrale"]
[Site "Bratto - Castione della Presolana ITA"]
[Date "1998.08.??"]
[Round "?"]
[White "Grosar, Kiti"]
[Black "Ori, Marco"]
[Result "0-1"]
[WhiteElo "2290"]
[BlackElo "2090"]
[PlyCount "42"]
[EventDate "1998.08.22"]

1. d4 Nf6 2. Nf3 g6 3. c4 Bg7 4. Nc3 O-O 5. e3 d6 6. Be2 c6 7. O-O a6 8. a3 b5
9. b3 Nbd7 10. Bb2 Rb8 11. cxb5 axb5 12. b4 Nb6 13. a4 bxa4 14. Nxa4 Nbd5 15.
Ba3 Nxb4 16. Nd2 Bf5 17. Bxb4 Rxb4 18. Bf3 Qd7 19. Qc1 c5 20. Qa3 Rfb8 21. e4
Rxd4 0-1

[Event "XVIII Festival Conca della Presolana Magistrale"]
[Site "Bratto - Castione della Presolana ITA"]
[Date "1998.08.??"]
[Round "?"]
[White "Grosar, Kiti"]
[Black "Todor, Razvan"]
[Result "1-0"]
[WhiteElo "2290"]
[BlackElo "2205"]
[PlyCount "65"]
[EventDate "1998.08.22"]

1. e4 c5 2. Nf3 d6 3. d4 cxd4 4. Nxd4 Nf6 5. Nc3 e6 6. g4 Nc6 7. g5 Nd7 8. f4
Be7 9. Be3 O-O 10. Rg1 Nxd4 11. Qxd4 e5 12. Qd2 exf4 13. Bxf4 Ne5 14. Bxe5 dxe5
15. Nd5 Be6 16. Bc4 Rc8 17. Bb3 Bxd5 18. Bxd5 Qb6 19. O-O-O Rc7 20. Rgf1 Bc5
21. Rf3 Bd4 22. c3 a5 23. Rdf1 Bc5 24. Qe2 Qd6 25. Qg2 b5 26. Rf6 Be3+ 27. Kb1
Qc5 28. g6 Bf4 29. Rg1 Kh8 30. gxf7 g5 31. h4 h6 32. hxg5 Bxg5 33. Rxh6+ 1-0

[Event "XVIII Festival Conca della Presolana Magistrale"]
[Site "Bratto - Castione della Presolana ITA"]
[Date "1998.08.??"]
[Round "?"]
[White "Grosar, Kiti"]
[Black "Zinani, Alessandro"]
[Result "0-1"]
[WhiteElo "2290"]
[BlackElo "2145"]
[PlyCount "50"]
[EventDate "1998.08.22"]

1. e4 c6 2. d4 d5 3. e5 Bf5 4. h4 h5 5. c4 e6 6. Nc3 Be7 7. Nh3 Nh6 8. cxd5
cxd5 9. Bg5 Nc6 10. Be2 Bg4 11. Bxg4 hxg4 12. Bxh6 gxh3 13. Bxg7 Rg8 14. Bh6
hxg2 15. Rg1 Qb6 16. Be3 Qxb2 17. Qc1 Ba3 18. Ne2 Qb4+ 19. Qd2 Qc4 20. Kd1 Bb4
21. Qc2 Qa6 22. a4 Rc8 23. Qh7 Rg6 24. Bd2 Qd3 25. Ra2 Nxd4 0-1

[Event "XVIII Festival Conca della Presolana Magistrale"]
[Site "Bratto - Castione della Presolana ITA"]
[Date "1998.08.??"]
[Round "?"]
[White "Gurevich, Dmitry B."]
[Black "Borgo, Giulio"]
[Result "1/2-1/2"]
[WhiteElo "2505"]
[BlackElo "2445"]
[PlyCount "98"]
[EventDate "1998.08.22"]

1. c4 c5 2. Nc3 Nc6 3. Nf3 Nd4 4. Ng1 Nc6 5. g3 g6 6. Bg2 Bg7 7. a3 e6 8. Rb1
a5 9. e3 Nge7 10. Nge2 O-O 11. d4 cxd4 12. Nxd4 d5 13. cxd5 Nxd4 14. exd4 Nxd5
15. O-O b6 16. Nxd5 exd5 17. Be3 Ba6 18. Re1 a4 19. Qxa4 Bd3 20. Qb3 Bxb1 21.
Rxb1 Qd6 22. Rc1 Rac8 23. Rxc8 Rxc8 24. Bxd5 Qd7 25. Bc4 Bxd4 26. Bxf7+ Qxf7
27. Qxf7+ Kxf7 28. Bxd4 b5 29. Bc3 Ke6 30. f3 h5 31. Kf2 Kf5 32. h3 Re8 33. g4+
hxg4 34. hxg4+ Kf4 35. Ba5 Re7 36. Bd2+ Ke5 37. Bb4 Rh7 38. Ke3 Rf7 39. Kf2 Kd5
40. Kg3 Rf6 41. Bd2 Rf7 42. b3 Kd4 43. a4 Kd3 44. Bb4 Kc2 45. axb5 Kxb3 46. Bd6
Rb7 47. f4 Kc4 48. Kh4 Rxb5 49. Be5 Rb1 1/2-1/2

[Event "XVIII Festival Conca della Presolana Magistrale"]
[Site "Bratto - Castione della Presolana ITA"]
[Date "1998.08.??"]
[Round "?"]
[White "Gurevich, Dmitry B."]
[Black "Korchnoi, Viktor L."]
[Result "1-0"]
[WhiteElo "2505"]
[BlackElo "2625"]
[PlyCount "95"]
[EventDate "1998.08.22"]

1. d4 Nf6 2. Bg5 d5 3. Bxf6 exf6 4. e3 Bd6 5. c4 dxc4 6. Bxc4 O-O 7. Nf3 c5 8.
dxc5 Bxc5 9. Qxd8 Rxd8 10. Nc3 Nc6 11. Ke2 Be6 12. Bb3 b6 13. Bxe6 fxe6 14. a3
Kf7 15. Rhc1 Rac8 16. b4 Be7 17. Ra2 Nb8 18. Raa1 a5 19. Na2 Rxc1 20. Rxc1 axb4
21. Nxb4 Bc5 22. Rc4 Nd7 23. a4 Ra8 24. Nd3 e5 25. Nd2 Ke6 26. e4 Kd6 27. Nb3
Ba3 28. a5 Bc5 29. Rc2 g6 30. Rd2 Ke7 31. Ndxc5 bxc5 32. Kd3 Rb8 33. Kc4 Rb4+
34. Kc3 Rb7 35. a6 Ra7 36. Kc4 Ra8 37. Kb5 Ke6 38. Na5 Rc8 39. Nb7 c4 40. Re2
c3 41. a7 Ra8 42. Re3 Rxa7 43. Nd8+ Kd6 44. Rd3+ Kc7 45. Ne6+ Kb8 46. Kc6 Kc8
47. Rxc3 Ra6+ 48. Kb5+ 1-0

[Event "XVIII Festival Conca della Presolana Magistrale"]
[Site "Bratto - Castione della Presolana ITA"]
[Date "1998.08.??"]
[Round "?"]
[White "Korchnoi, Viktor L."]
[Black "Collutiis, Duilio"]
[Result "1-0"]
[WhiteElo "2625"]
[BlackElo "2185"]
[PlyCount "81"]
[EventDate "1998.08.22"]

1. d4 Nf6 2. c4 c5 3. d5 b5 4. Nf3 Bb7 5. Nbd2 bxc4 6. e4 e6 7. dxe6 dxe6 8.
Bxc4 Be7 9. Qe2 Nc6 10. O-O O-O 11. Re1 Nd7 12. e5 Nb6 13. Bb5 Nb4 14. Rd1 a6
15. Nc4 Qc7 16. Nxb6 Qxb6 17. Bc4 Rfd8 18. Be3 h6 19. Rac1 Nd5 20. Bd2 Bc6 21.
b3 Bb5 22. Qe4 Bxc4 23. Rxc4 Nb4 24. a3 Nc6 25. b4 Nd4 26. Nxd4 cxd4 27. Be1
Rac8 28. Rxc8 Rxc8 29. Qxd4 Qxd4 30. Rxd4 Rc1 31. Kf1 Ra1 32. Rd3 Bg5 33. g3
Ra2 34. f4 Be7 35. Rd7 Bf8 36. Rd8 Rxa3 37. b5 a5 38. Bf2 Ra1+ 39. Kg2 Ra2 40.
Kf3 Ra3+ 41. Kg4 1-0

[Event "XVIII Festival Conca della Presolana Magistrale"]
[Site "Bratto - Castione della Presolana ITA"]
[Date "1998.08.??"]
[Round "?"]
[White "Korchnoi, Viktor L."]
[Black "Farago, Ivan"]
[Result "0-1"]
[WhiteElo "2625"]
[BlackElo "2530"]
[PlyCount "104"]
[EventDate "1998.08.22"]

1. Nf3 d5 2. d4 Nf6 3. c4 e6 4. Bg5 h6 5. Bxf6 Qxf6 6. Nc3 Bb4 7. e3 O-O 8. Rc1
dxc4 9. Bxc4 c5 10. O-O cxd4 11. Nxd4 Bd7 12. Qb3 Nc6 13. Nxc6 Bxc3 14. Nxa7
Bxb2 15. Rcd1 Bc6 16. Nxc6 bxc6 17. Rd6 Rab8 18. Qc2 c5 19. f4 Qc3 20. Qxc3
Bxc3 21. f5 exf5 22. Rxf5 Rb7 23. Rd3 Be1 24. Rxc5 Rb1 25. Rb5 Ra1 26. g4 Rc8
27. Bb3 Rc7 28. Kg2 Kh7 29. Rbd5 Rb1 30. Rd7 Rb2+ 31. Kf3 Rc6 32. Rd1 Bc3 33.
Rc1 Rxh2 34. Bc2+ g6 35. Rxf7+ Bg7 36. Rc7 Rxc7 37. Bxg6+ Kxg6 38. Rxc7 Rxa2
39. Rc5 Bf6 40. Rc6 Ra5 41. Rb6 Kg5 42. Rc6 Re5 43. Rc4 Re6 44. Rc5+ Kg6 45.
Rb5 Bg5 46. Rb3 Bd8 47. Rb4 Bc7 48. Rc4 Rf6+ 49. Kg2 Bb6 50. Re4 Kg5 51. Kh3
Bc7 52. Re7 Rc6 0-1